[Event "Landesliga Nord 0506"]
[Site "Bayern"]
[Date "2006.01.29"]
[Round "6.3"]
[White "Forman, Stepan"]
[Black "Halbritter, Josef"]
[Result "1-0"]
[WhiteElo "2226"]
[BlackElo "2122"]
[PlyCount "59"]
[EventDate "2005.10.23"]
[EventType "team"]
[EventRounds "9"]
[EventCountry "GER"]
[SourceTitle "EXT 2007"]
[Source "ChessBase"]
[SourceDate "2006.11.23"]
[SourceVersion "1"]
[SourceVersionDate "2006.11.23"]
[SourceQuality "1"]

1. e4 c5 2. Nf3 e6 3. b3 b6 4. d4 cxd4 5. Nxd4 Bb7 6. Bd3 Nc6 7. Nxc6 Bxc6 8. Bb2 Nf6 9. Nd2 d6 10. Qe2 Be7 11. f4 Qc7 12. c4 0-0 13. e5 dxe5 14. fxe5 Nd7 15. 0-0 g6 16. Rad1 Rad8 17. Bc2 a5 18. Nf3 Nc5 19. Nd4 Ba8 20. Nb5 Qc6 21. Bd4 Rd7 22. Rf2 Rfd8 23. Nd6 Bxd6 24. exd6 Qxd6 25. h3 Qc7 26. Bf6 Rxd1+ 27. Bxd1 Rd7 28. Bc2 Qd6 29. Qe3 Qc6 30. Qh6 1-0

[Event "Landesliga Nord 0405"]
[Site "Bayern"]
[Date "2004.12.12"]
[Round "4.2"]
[White "Just, Hannes"]
[Black "Halbritter, Josef"]
[Result "1-0"]
[WhiteElo "2032"]
[BlackElo "2150"]
[PlyCount "121"]
[EventDate "2004.10.24"]
[EventType "team-tourn"]
[EventRounds "9"]
[EventCountry "GER"]
[SourceTitle "EXT 2008"]
[Source "ChessBase"]
[SourceDate "2007.11.25"]
[SourceVersion "1"]
[SourceVersionDate "2007.11.25"]
[SourceQuality "1"]
[WhiteTeam "Nuernberg NT II"]
[BlackTeam "Neutraubling"]
[WhiteTeamCountry "GER"]
[BlackTeamCountry "GER"]

1. e4 c5 2. Nf3 e6 3. b3 a6 4. c4 Nc6 5. Bb2 Nge7 6. Nc3 Nd4 7. g3 Nec6 8. Bg2 Be7 9. Nxd4 cxd4 10. Ne2 e5 11. 0-0 d6 12. d3 0-0 13. Rc1 Bd7 14. h3 b5 15. f4 bxc4 16. Rxc4 Qb6 17. f5 Na5 18. Rc1 Bg5 19. f6 gxf6 20. h4 Be3+ 21. Kh2 Kg7 22. Rb1 Rac8 23. Bc1 Bxc1 24. Rxc1 Nc6 25. Qd2 Qb4 26. Qd1 Ne7 27. Bh3 Bxh3 28. Kxh3 Qb7 29. g4 Qd7 30. Ng3 Ng8 31. Nf5+ Kh8 32. Qd2 d5 33. Qg2 dxe4 34. Qxe4 Rxc1 35. Rxc1 Rc8 36. Rc4 Rxc4 37. bxc4 Qa4 38. g5 Qd1 39. Ng3 fxg5 40. hxg5 h6 41. Qxe5+ Kh7 42. Qe4+ Kh8 43. Qxd4+ Kh7 44. Qe4+ Kh8 45. Qe5+ Kh7 46. Qf5+ Kg7 47. c5 hxg5 48. Qxg5+ Kf8 49. Qd8+ Kg7 50. c6 Nf6 51. c7 Qc1 52. c8Q Qh6+ 53. Kg2 Qd2+ 54. Kg1 Qe3+ 55. Kf1 Qf3+ 56. Ke1 Qxg3+ 57. Kd1 Qf3+ 58. Kc1 Qf4+ 59. Kd1 Qf1+ 60. Kc2 Qe2+ 61. Kb3 1-0

[Event "Landesliga Nord 0405"]
[Site "Bayern"]
[Date "2004.11.14"]
[Round "2.2"]
[White "Wetscherek, Andreas"]
[Black "Halbritter, Josef"]
[Result "1/2-1/2"]
[WhiteElo "2212"]
[BlackElo "2150"]
[PlyCount "50"]
[EventDate "2004.10.24"]
[EventType "team-tourn"]
[EventRounds "9"]
[EventCountry "GER"]
[SourceTitle "EXT 2008"]
[Source "ChessBase"]
[SourceDate "2007.11.25"]
[SourceVersion "1"]
[SourceVersionDate "2007.11.25"]
[SourceQuality "1"]
[WhiteTeam "Bindlach II"]
[BlackTeam "Neutraubling"]
[WhiteTeamCountry "GER"]
[BlackTeamCountry "GER"]

1. e4 c5 2. Nf3 e6 3. c3 d5 4. exd5 exd5 5. d4 Nc6 6. Be2 Bd6 7. dxc5 Bxc5 8. 0-0 Nge7 9. Nbd2 0-0 10. Nb3 Bb6 11. Bd3 h6 12. Re1 Nf5 13. Bf4 Qf6 14. Qd2 g5 15. Be5 Nxe5 16. Nxe5 Nd6 17. h3 Re8 18. Nf3 Ne4 19. Qc2 Bxh3 20. Bxe4 dxe4 21. Rxe4 Bf5 22. Rxe8+ Rxe8 23. Qd2 Bg4 24. Re1 Rxe1+ 25. Nxe1 Bh5 1/2-1/2

[Event "Landesliga Nord 0304"]
[Site "Bayern"]
[Date "2004.01.18"]
[Round "5.3"]
[White "Halbritter, Josef"]
[Black "Tiller, Jaroslav"]
[Result "1/2-1/2"]
[WhiteElo "2156"]
[BlackElo "2124"]
[PlyCount "21"]
[EventDate "2003.10.??"]
[EventType "team"]
[EventRounds "9"]
[EventCountry "GER"]
[SourceTitle "EXT 2006"]
[Source "ChessBase"]
[SourceDate "2005.11.24"]
[SourceVersion "1"]
[SourceVersionDate "2005.11.24"]
[SourceQuality "1"]
[WhiteTeam "Neutraubling"]
[BlackTeam "Bindlach"]
[WhiteTeamCountry "GER"]
[BlackTeamCountry "GER"]

1. e4 c5 2. d3 d5 3. exd5 Qxd5 4. Nf3 Nc6 5. g3 Nd4 6. Bg2 Bh3 7. Bxh3 Nxf3+ 8. Kf1 Nd2+ 9. Kg1 Nf3+ 10. Kf1 Nd2+ 11. Kg1 1/2-1/2

[Event "Landesliga Nord 0203"]
[Site "Bayern"]
[Date "2003.01.12"]
[Round "4.2"]
[White "Giessmann, Stephan"]
[Black "Halbritter, Josef"]
[Result "1/2-1/2"]
[WhiteElo "2116"]
[BlackElo "2177"]
[PlyCount "89"]
[EventDate "2002.10.20"]
[EventType "team"]
[EventRounds "9"]
[EventCountry "GER"]
[SourceTitle "EXT 2004"]
[Source "ChessBase"]
[SourceDate "2003.11.25"]
[SourceVersion "1"]
[SourceVersionDate "2003.11.25"]
[SourceQuality "1"]
[WhiteTeam "Kelheim"]
[BlackTeam "Neutraubling"]
[WhiteTeamCountry "GER"]
[BlackTeamCountry "GER"]

1. d4 Nf6 2. c4 g6 3. Nc3 Bg7 4. e4 0-0 5. h3 c6 6. Bd3 d6 7. Nge2 e5 8. d5 Na6 9. Bg5 h6 10. Be3 Ne8 11. Qd2 Kh7 12. g4 Bd7 13. Ng3 Nc5 14. Bc2 a5 15. Rb1 Nc7 16. a3 b5 17. b4 axb4 18. axb4 Na4 19. Bxa4 bxa4 20. dxc6 Bxc6 21. b5 Bb7 22. b6 Ne6 23. Nb5 Ba6 24. Nxd6 Nd4 25. Bxd4 Qxd6 26. Be3 Qxd2+ 27. Kxd2 Bxc4 28. b7 Rab8 29. Ba7 Bb3 30. Bxb8 Rxb8 31. Ne2 Rxb7 32. Nc1 Rd7+ 33. Kc3 Rc7+ 34. Kd2 Bc2 35. Rb4 Bf8 36. Rb8 Kg7 37. Nd3 Bb3 38. Nxe5 Rc2+ 39. Kd3 Rxf2 40. h4 Bd6 41. Rb5 Rg2 42. Ke3 Bxe5 43. Rxe5 Rxg4 44. h5 g5 45. Ra5 1/2-1/2

[Event "Oberliga Bayern 0102"]
[Site "Bayern"]
[Date "2002.03.17"]
[Round "7.2"]
[White "Halbritter, Josef"]
[Black "Duer, Werner"]
[Result "1/2-1/2"]
[WhiteElo "2160"]
[BlackElo "2215"]
[PlyCount "83"]
[EventDate "2001.10.07"]
[EventType "team"]
[EventRounds "9"]
[EventCountry "GER"]
[SourceTitle "EXT 2003"]
[Source "ChessBase"]
[SourceDate "2002.11.25"]
[SourceVersion "1"]
[SourceVersionDate "2002.11.25"]
[SourceQuality "1"]
[WhiteTeam "Neutraubling"]
[BlackTeam "Rosenheim Pang"]
[WhiteTeamCountry "GER"]
[BlackTeamCountry "GER"]

1. e4 c6 2. d4 d5 3. Nc3 g6 4. f3 Bg7 5. Be3 dxe4 6. fxe4 Nf6 7. Nf3 0-0 8. h3 b5 9. Bd3 b4 10. Ne2 Nbd7 11. Qd2 a5 12. a3 bxa3 13. Rxa3 Re8 14. e5 Nd5 15. Bf2 f6 16. Bg3 fxe5 17. dxe5 Nc5 18. 0-0 Nxd3 19. cxd3 Rf8 20. Kh2 Qb6 21. Rfa1 Nb4 22. d4 Be6 23. Nc3 Bd5 24. Nxd5 cxd5 25. Rc1 h6 26. Rc5 g5 27. Qc3 Ra6 28. Qb3 e6 29. Qa4 Rfa8 30. Rac3 R6a7 31. Rc8+ Bf8 32. Qe8 Rxc8 33. Rxc8 Rf7 34. Bf2 Qa6 35. Be3 Qe2 36. Bxg5 hxg5 37. Nxg5 Qf2 38. Nxe6 Nd3 39. Nxf8 Qf4+ 40. Kg1 Qxd4+ 41. Kh2 Qf4+ 42. Kg1 1/2-1/2

[Event "Landesliga Nord 0001"]
[Site "Bayern"]
[Date "2001.04.29"]
[Round "9"]
[White "Halbritter, Josef"]
[Black "Giessmann, Stephan"]
[Result "1/2-1/2"]
[WhiteElo "2125"]
[BlackElo "1774"]
[PlyCount "80"]
[EventDate "2000.10.15"]
[EventType "team-tourn"]
[EventRounds "9"]
[EventCountry "GER"]
[SourceTitle "EXT 2020"]
[Source "ChessBase"]
[SourceDate "2019.10.17"]
[SourceVersion "1"]
[SourceVersionDate "2019.10.17"]
[SourceQuality "1"]
[WhiteTeam "Neutraubling Wacker"]
[BlackTeam "Kelheim"]
[WhiteTeamCountry "GER"]
[BlackTeamCountry "GER"]

1. e4 e6 2. d4 d5 3. Nc3 Bb4 4. Nge2 dxe4 5. a3 Be7 6. Nxe4 Nc6 7. Bf4 Nf6 8. Qd3 0-0 9. 0-0-0 a6 10. Nxf6+ Bxf6 11. Qg3 Bh4 12. Qe3 Ne7 13. c4 b5 14. g3 Bf6 15. Bg2 Rb8 16. Be5 Nf5 17. Qc3 bxc4 18. Qxc4 Bb7 19. Rhg1 Qe7 20. Nc3 Nd6 21. Qc5 Bxg2 22. Rxg2 Rb3 23. f4 Rfb8 24. g4 Qd8 25. Bxf6 Qxf6 26. Rf1 Nb5 27. Nxb5 R3xb5 28. Qc3 c5 29. g5 Qxd4 30. Qxd4 cxd4 31. Rd1 Rd8 32. Rgd2 Rbd5 33. Kc2 Kf8 34. h4 Ke7 35. Kd3 Rb8 36. b4 a5 37. Rb1 f6 38. Rc2 Kd6 39. Rc4 e5 40. gxf6 gxf6 1/2-1/2

[Event "Landesliga Nord 0001"]
[Site "Bayern"]
[Date "2001.02.18"]
[Round "6.2"]
[White "Becker, Thomas"]
[Black "Halbritter, Josef"]
[Result "0-1"]
[WhiteElo "2216"]
[BlackElo "2125"]
[PlyCount "78"]
[EventDate "2000.10.15"]
[EventType "team-tourn"]
[EventRounds "9"]
[EventCountry "GER"]
[SourceTitle "EXT 2020"]
[Source "ChessBase"]
[SourceDate "2019.10.17"]
[SourceVersion "1"]
[SourceVersionDate "2019.10.17"]
[SourceQuality "1"]
[WhiteTeam "Obernburg"]
[BlackTeam "Neutraubling Wacker"]
[WhiteTeamCountry "GER"]
[BlackTeamCountry "GER"]

1. c4 c5 2. Nc3 Nf6 3. g3 d5 4. cxd5 Nxd5 5. Bg2 Nc7 6. h4 e5 7. d3 Be7 8. Be3 Ne6 9. Nd5 Bd6 10. Nf3 Nc6 11. Ng5 f5 12. Qb3 Ned4 13. Qc3 h6 14. Nf3 Be6 15. Nd2 Nb4 16. Bxd4 Nxd5 17. Bxd5 Bxd5 18. Bxe5 Bxh1 19. f3 Qe7 20. Bxd6 Qxd6 21. Kf2 Bxf3 22. Nxf3 0-0 23. Qc4+ Kh7 24. h5 Rae8 25. Rc1 b6 26. Rc2 Rf6 27. Nh4 f4 28. g4 Qe7 29. Nf5 Rxf5 30. gxf5 Qh4+ 31. Kf1 Qh1+ 32. Kf2 Qh4+ 33. Kf1 Re3 34. f6 Qh1+ 35. Kf2 Qh4+ 36. Kf1 Qxf6 37. Qd5 f3 38. Ke1 Qh4+ 39. Kd2 Rxe2+ 0-1

[Event "Landesliga Nord 0001"]
[Site "Bayern"]
[Date "2001.01.14"]
[Round "4"]
[White "Hepting, Heinrich"]
[Black "Halbritter, Josef"]
[Result "1/2-1/2"]
[WhiteElo "2205"]
[BlackElo "2125"]
[PlyCount "88"]
[EventDate "2000.10.15"]
[EventType "team-tourn"]
[EventRounds "9"]
[EventCountry "GER"]
[SourceTitle "EXT 2020"]
[Source "ChessBase"]
[SourceDate "2019.10.17"]
[SourceVersion "1"]
[SourceVersionDate "2019.10.17"]
[SourceQuality "1"]
[WhiteTeam "Fuerth SF"]
[BlackTeam "Neutraubling Wacker"]
[WhiteTeamCountry "GER"]
[BlackTeamCountry "GER"]

1. Nf3 c5 2. g3 g6 3. Bg2 Bg7 4. c4 Nf6 5. Nc3 Nc6 6. 0-0 0-0 7. e4 e5 8. d3 h6 9. h3 d6 10. Ne1 Ne8 11. Kh2 f5 12. f4 Kh7 13. Nf3 Be6 14. Nd5 Qd7 15. Nh4 Nd4 16. Be3 Bxd5 17. cxd5 Bf6 18. Bxd4 Bxh4 19. Bc3 Bf6 20. exf5 gxf5 21. fxe5 Bxe5 22. Qh5 Ng7 23. Qh4 Bxc3 24. bxc3 Rae8 25. Rae1 b5 26. g4 fxg4 27. Rxf8 g3+ 28. Kxg3 Rxf8 29. Be4+ Kg8 30. Qxh6 Nf5+ 31. Bxf5 Qxf5 32. Qe6+ Kg7 33. Qxf5 Rxf5 34. c4 b4 35. d4 cxd4 36. Rd1 Re5 37. Rxd4 Re3+ 38. Kg4 Kf6 39. Rf4+ Ke5 40. Rf7 Ra3 41. Rf2 Rc3 42. Rf5+ Kd4 43. Rf4+ Kc5 44. h4 Rc2 1/2-1/2

[Event "Landesliga Nord 9900"]
[Site "Bayern"]
[Date "2000.03.26"]
[Round "8.3"]
[White "Heimrath, Wolfgang"]
[Black "Halbritter, Josef"]
[Result "1/2-1/2"]
[WhiteElo "2090"]
[BlackElo "2195"]
[PlyCount "83"]
[EventDate "1999.10.10"]
[EventType "team-tourn"]
[EventRounds "9"]
[EventCountry "GER"]
[SourceTitle "EXT 2020"]
[Source "ChessBase"]
[SourceDate "2019.10.17"]
[SourceVersion "1"]
[SourceVersionDate "2019.10.17"]
[SourceQuality "1"]
[WhiteTeam "Zirndorf"]
[BlackTeam "Neutraubling"]
[WhiteTeamCountry "GER"]
[BlackTeamCountry "GER"]

1. e4 c5 2. Nf3 e6 3. d4 cxd4 4. Nxd4 Nf6 5. Nc3 Nc6 6. Nxc6 bxc6 7. Bd3 d5 8. 0-0 Bb4 9. e5 Nd7 10. Bf4 Rb8 11. a3 Bf8 12. Rb1 Nc5 13. Re1 Nxd3 14. Qxd3 Qb6 15. h4 Qa6 16. Qg3 h5 17. Red1 Bd7 18. Rd3 Rb7 19. Bg5 c5 20. Qf3 Bc6 21. Qe2 Rd7 22. Rxd5 Qxe2 23. Rxd7 Qxf2+ 24. Kxf2 Bxd7 25. Ne4 Bc6 26. Rd1 f6 27. Nd6+ Bxd6 28. Rxd6 Bd5 29. exf6 Rf8 30. b3 gxf6 31. Be3 c4 32. bxc4 Bxc4 33. Bxa7 Rf7 34. Bd4 e5 35. Bc3 Ba2 36. Rc6 Kd7 37. Ra6 Bb1 38. Bb4 Bxc2 39. Rd6+ Kc7 40. Ra6 Kb7 41. Re6 Bb3 42. Re7+ 1/2-1/2

[Event "Landesliga Nord 9900"]
[Site "Bayern"]
[Date "2000.02.20"]
[Round "6.3"]
[White "Heika, Martin"]
[Black "Halbritter, Josef"]
[Result "1/2-1/2"]
[WhiteElo "2240"]
[BlackElo "2090"]
[PlyCount "48"]
[EventDate "1999.10.10"]
[EventType "team-tourn"]
[EventRounds "9"]
[EventCountry "GER"]
[SourceTitle "EXT 2020"]
[Source "ChessBase"]
[SourceDate "2019.10.17"]
[SourceVersion "1"]
[SourceVersionDate "2019.10.17"]
[SourceQuality "1"]
[WhiteTeam "Regensburg Fortuna"]
[BlackTeam "Neutraubling"]
[WhiteTeamCountry "GER"]
[BlackTeamCountry "GER"]

1. e4 c5 2. Nf3 Nc6 3. g3 g6 4. Bg2 Bg7 5. 0-0 e5 6. c3 Nge7 7. d3 0-0 8. a4 d6 9. Na3 h6 10. Rb1 Be6 11. b4 Qd7 12. Be3 cxb4 13. cxb4 f5 14. b5 Nd8 15. Bc1 Rc8 16. Bb2 Nf7 17. Qd2 Kh7 18. Qb4 b6 19. Nd2 f4 20. Rfc1 g5 21. Nac4 Rfd8 22. Ba3 Bf8 23. Nf1 Rc7 24. a5 bxa5 1/2-1/2

[Event "Landesliga Nord 9900"]
[Site "Bayern"]
[Date "2000.01.30"]
[Round "5.3"]
[White "Halbritter, Josef"]
[Black "Becker, Thomas"]
[Result "1/2-1/2"]
[WhiteElo "2090"]
[BlackElo "2235"]
[PlyCount "51"]
[EventDate "1999.10.10"]
[EventType "team-tourn"]
[EventRounds "9"]
[EventCountry "GER"]
[SourceTitle "EXT 2020"]
[Source "ChessBase"]
[SourceDate "2019.10.17"]
[SourceVersion "1"]
[SourceVersionDate "2019.10.17"]
[SourceQuality "1"]
[WhiteTeam "Neutraubling"]
[BlackTeam "Obernburg"]
[WhiteTeamCountry "GER"]
[BlackTeamCountry "GER"]

1. e4 e6 2. d3 d5 3. Qe2 Ne7 4. Nf3 c5 5. g3 Nbc6 6. Bg2 g6 7. 0-0 Bg7 8. c3 0-0 9. e5 h6 10. h4 Rb8 11. Re1 b5 12. a3 a5 13. Bf4 d4 14. g4 Nd5 15. Bg3 Bb7 16. cxd4 Nxd4 17. Nxd4 cxd4 18. Nd2 Nb6 19. Bxb7 Rxb7 20. Ne4 Qd5 21. Rac1 Na4 22. f4 Qb3 23. Rc2 b4 24. Nd6 Rbb8 25. axb4 Rxb4 26. Nc4 1/2-1/2

[Event "Regionalliga NO 9798"]
[Site "Bayern"]
[Date "1997.??.??"]
[Round "?.5"]
[White "Schroeder, Frank2222"]
[Black "Halbritter, Josef"]
[Result "1/2-1/2"]
[WhiteElo "1990"]
[BlackElo "2040"]
[PlyCount "65"]
[EventDate "1997.10.??"]
[EventType "team-tourn"]
[EventRounds "9"]
[EventCountry "GER"]
[SourceTitle "EXT 2020"]
[Source "ChessBase"]
[SourceDate "2019.10.17"]
[SourceVersion "1"]
[SourceVersionDate "2019.10.17"]
[SourceQuality "1"]
[WhiteTeam "Postbauer"]
[BlackTeam "Neutraubling"]
[WhiteTeamCountry "GER"]
[BlackTeamCountry "GER"]

1. d4 Nf6 2. c4 c5 3. Nf3 cxd4 4. Nxd4 e6 5. g3 d5 6. Bg2 e5 7. Nf3 d4 8. 0-0 Nc6 9. e3 Bc5 10. exd4 exd4 11. Re1+ Be6 12. Ng5 0-0 13. Nxe6 fxe6 14. Rxe6 d3 15. Bxc6 bxc6 16. Be3 Bd4 17. Nc3 Qd7 18. Qxd3 Qxe6 19. Bxd4 Rad8 20. Qe3 Qxc4 21. Bxf6 Rxf6 22. Qxa7 Rd2 23. Re1 Rxb2 24. Re8+ Rf8 25. Rxf8+ Kxf8 26. Qa3+ Qb4 27. Qa8+ Kf7 28. Qxc6 Qd4 29. Qf3+ Ke7 30. a4 Rc2 31. Qb7+ Kd8 32. Qb8+ Kd7 33. Qb7+ 1/2-1/2

[Event "Regionalliga NO 9495"]
[Site "Bayern"]
[Date "1995.??.??"]
[Round "?.3"]
[White "Huettl, Guenther"]
[Black "Halbritter, Josef"]
[Result "1/2-1/2"]
[WhiteElo "2085"]
[BlackElo "2040"]
[PlyCount "26"]
[EventDate "1994.10.??"]
[EventType "team-tourn"]
[EventRounds "9"]
[EventCountry "GER"]
[SourceTitle "EXT 1999"]
[Source "ChessBase"]
[SourceDate "1998.11.16"]
[SourceVersion "1"]
[SourceVersionDate "1998.11.16"]
[SourceQuality "1"]
[WhiteTeam "Regensburg Fortuna II"]
[BlackTeam "Kelheim II"]
[WhiteTeamCountry "GER"]
[BlackTeamCountry "GER"]

1. Nf3 Nf6 2. c4 c5 3. g3 d5 4. cxd5 Nxd5 5. d4 cxd4 6. Nxd4 e5 7. Nc2 Nc6 8. Bg2 Be6 9. 0-0 Be7 10. b3 0-0 11. Bb2 f6 12. Nc3 Nxc3 13. Bxc3 Rc8 1/2-1/2

[Event "Regionalliga NO 9495"]
[Site "Bayern"]
[Date "1994.??.??"]
[Round "?.3"]
[White "Raedlinger, Stefan"]
[Black "Halbritter, Josef"]
[Result "0-1"]
[WhiteElo "2095"]
[BlackElo "2040"]
[PlyCount "80"]
[EventDate "1994.10.??"]
[EventType "team-tourn"]
[EventRounds "9"]
[EventCountry "GER"]
[SourceTitle "EXT 1999"]
[Source "ChessBase"]
[SourceDate "1998.11.16"]
[SourceVersion "1"]
[SourceVersionDate "1998.11.16"]
[SourceQuality "1"]
[WhiteTeam "Furth im Wald"]
[BlackTeam "Kelheim II"]
[WhiteTeamCountry "GER"]
[BlackTeamCountry "GER"]

1. e4 c5 2. Nf3 e6 3. Nc3 Nc6 4. Bb5 Nge7 5. 0-0 Nd4 6. Re1 Nec6 7. Bxc6 Nxc6 8. d4 cxd4 9. Nxd4 d6 10. b3 Be7 11. Nce2 0-0 12. Bb2 Qa5 13. Ng3 Nxd4 14. Bxd4 e5 15. Be3 b5 16. Qd2 Qc7 17. Rac1 Be6 18. Qd3 a6 19. Red1 Rfd8 20. h3 d5 21. exd5 Rxd5 22. Qe2 Rad8 23. Rxd5 Rxd5 24. c4 bxc4 25. Rxc4 Qd7 26. Rc1 f5 27. Bb6 Qb5 28. Qxb5 axb5 29. a4 Rd2 30. axb5 Rb2 31. Bc5 Bg5 32. Ra1 Rxb3 33. b6 Kf7 34. Ra7+ Kg6 35. Ra6 Bd5 36. Ra7 f4 37. Ne2 f3 38. gxf3 Bxf3 39. Ng3 Rb1+ 40. Kh2 Bf4 0-1